000 00396nam a2200181Ia 4500
003 IT-RoPAU
005 20220918175552.0
008 120407s9999 xx 000 0 und d
040 _aIT-RoPAU
040 _cIT-RoPAU
041 _aita
100 _aErasmo da Rotterdam
_934907
245 _aIl lamento della pace - Utet
300 _c cm
490 _v1
942 _cBK
_2ddc
999 _c19184
_d19184